Call for political hygiene in Kenya / (Record no. 110)

MARC details
000 -LEADER
fixed length control field 01025cam a2200325 a 4500
001 - CONTROL NUMBER
control field 15270831
003 - CONTROL NUMBER IDENTIFIER
control field OSt
005 - DATE AND TIME OF LATEST TRANSACTION
control field 20230602115019.0
008 - FIXED-LENGTH DATA ELEMENTS--GENERAL INFORMATION
fixed length control field 080422s2008 ke 001 0 eng
010 ## - LIBRARY OF CONGRESS CONTROL NUMBER
LC control number 2008349345
020 ## - INTERNATIONAL STANDARD BOOK NUMBER
International Standard Book Number 9966769455
040 ## - CATALOGING SOURCE
Original cataloging agency DLC
Transcribing agency DLC
Modifying agency DLC
042 ## - AUTHENTICATION CODE
Authentication code lcode
043 ## - GEOGRAPHIC AREA CODE
Geographic area code f-ke---
082 ## - DEWEY DECIMAL CLASSIFICATION NUMBER
Classification number 364.16762
Item number LUM
100 1# - MAIN ENTRY--PERSONAL NAME
Personal name Lumumba, Patrick L. O.
245 10 - TITLE STATEMENT
Title Call for political hygiene in Kenya /
Statement of responsibility, etc. PLO Lumumba.
260 ## - PUBLICATION, DISTRIBUTION, ETC. (IMPRINT)
Place of publication, distribution, etc. Nairobi :
Name of publisher, distributor, etc. MvuleAfrica Publishers,
Date of publication, distribution, etc. 2008.
300 ## - PHYSICAL DESCRIPTION
Extent xxiii, 71 p. ;
Dimensions 20 cm.
500 ## - GENERAL NOTE
General note Includes index.
600 10 - SUBJECT ADDED ENTRY--PERSONAL NAME
Personal name Lumumba, Patrick L. O.
650 #0 - SUBJECT ADDED ENTRY--TOPICAL TERM
Topical term or geographic name as entry element Political ethics
Geographic subdivision Kenya.
650 #0 - SUBJECT ADDED ENTRY--TOPICAL TERM
Topical term or geographic name as entry element Political corruption
Geographic subdivision Kenya.
650 #0 - SUBJECT ADDED ENTRY--TOPICAL TERM
Topical term or geographic name as entry element Elections
General subdivision Corrupt practices
Geographic subdivision Kenya.
650 #0 - SUBJECT ADDED ENTRY--TOPICAL TERM
Topical term or geographic name as entry element Elections
Geographic subdivision Kenya.
856 41 - ELECTRONIC LOCATION AND ACCESS
Materials specified Table of contents
Uniform Resource Identifier <a href="http://www.loc.gov/catdir/toc/fy0804/2008349345.html">http://www.loc.gov/catdir/toc/fy0804/2008349345.html</a>
906 ## - LOCAL DATA ELEMENT F, LDF (RLIN)
a 7
b ibc
c origode
d 3
e ncip
f 20
g y-gencatlg
942 ## - ADDED ENTRY ELEMENTS (KOHA)
Source of classification or shelving scheme Dewey Decimal Classification
Koha item type Books
Holdings
Withdrawn status Lost status Source of classification or shelving scheme Damaged status Not for loan Home library Current library Date acquired Total Checkouts Full call number Barcode Date last seen Price effective from Koha item type
    Dewey Decimal Classification     Bunge Tower Library Bunge Tower Library 06/02/2023   364.16762 LUM 1000497 06/02/2023 06/02/2023 Books
LIBRARY OPENING HOURS

When the Parliament is sitting: 8.00a.m - 7.00p.m or until the house adjourns
Mondays and Fridays and when the House is on Recess:  8.00a.m - 5.00p.m
Closed on Weekends and Public Holidays

Online Public Access Catalog (OPAC)
Website: http://www.parliament.go.ke
Bunge Library: https://libraryir.parliament.go.ke
Contact: library@parliament.go.ke | Tel no: (254-2)2221291 or 2848000 Ext 5043